| 000 | 01326cam a2200337 a 4500 | ||
|---|---|---|---|
| 001 | 4946883 | ||
| 003 | ARRUPE | ||
| 005 | 20220510093239.0 | ||
| 008 | 961204s1997 ohub b s001 0 eng | ||
| 010 | _a 96051952 | ||
| 020 | _a082141190X (cloth : alk. paper) | ||
| 020 | _a0821411918 (pbk. : alk. paper) | ||
| 040 |
_aDLC _cDLC _dDLC |
||
| 043 | _af-mz--- | ||
| 050 | 0 | 0 |
_aDT3389 _b.H35 1997 |
| 082 | 0 | 0 |
_a968.905 _221 |
| 100 | 1 |
_aHall, Margaret, _d1948- _951511 |
|
| 245 | 1 | 0 |
_aConfronting Leviathan : _bMozambique since independence / _cMargaret Hall, Tom Young. |
| 246 | 3 | 0 | _aMozambique since independence |
| 260 |
_aLondon : _bHurst and Company, _cc1997. |
||
| 300 |
_ax, 262 p. : _bcol. maps ; _c23 cm. |
||
| 504 | _aIncludes bibliographical references (p. 235-252) and index. | ||
| 650 | 0 |
_aSocialism _zMozambique _xHistory _y20th century. _951512 |
|
| 651 | 0 |
_aMozambique _xPolitics and government _y1975-1994. _913119 |
|
| 651 | 0 |
_aMozambique _xPolitics and government _y1994- _951513 |
|
| 700 | 1 |
_aYoung, Tom. _951514 |
|
| 856 | 4 | 2 |
_3Book review (H-Net) _uhttp://www.h-net.org/review/hrev-a0a0o7-aa |
| 906 |
_a7 _bcbc _corignew _d1 _eocip _f19 _gy-gencatlg |
||
| 942 |
_2lcc _cMONOGRAPH |
||
| 999 |
_c131391 _d131391 |
||